| 000 | 01185naa a22003617a 4500 | ||
|---|---|---|---|
| 001 | BR7311103 | ||
| 003 | BR-BrBNA | ||
| 005 | 20240918173532.0 | ||
| 007 | ta | ||
| 008 | 230509b bl.||||| |||| 00| 0 por d | ||
| 040 |
_aBR-BrBNA _bpor _cBiblioteca Nacional de Agricultura |
||
| 041 | _a(Pt) | ||
| 072 |
_aF22; P12 _b/G514 _bGZ12 |
||
| 090 | _aF22 BR7311103 | ||
| 100 | 1 | _aDaker, A. | |
| 245 | 1 | _aSalinizacao e sodificacao dos solos irrigados, seu controle, recuperacao das areas afetadas [Regiao semi-arida, Brasil] | |
| 260 | 3 |
_aBelo Horizonte, MG (Brasil): _c1973. |
|
| 500 | _aCurso de especializacao em irrigacao Belo Horizonte, MG (Brasil): 1973. v. 2 p. 495-546 (BR7311103-AM)F22 | ||
| 650 | _aIRRIGACAO | ||
| 650 | _aSOLO | ||
| 650 | _aANALISE QUIMICA | ||
| 650 | _aSALINIZACAO | ||
| 650 | _aALCALINIDADE | ||
| 650 | _aCLASSIFICACAO DO SOLO | ||
| 650 | _aLIXIVIACAO | ||
| 650 | _aDRENAGEM | ||
| 650 | _aMANEJO | ||
| 650 | _aCORRETIVO | ||
| 650 | _aZONA SEMI-ARIDA | ||
| 773 | 0 |
_tCurso de especializacao em irrigacao _wF22 BR7311103 _gBelo Horizonte, MG (Brasil), 1973. v. 2 p. 495-546 |
|
| 909 |
_a202404 _bLucia _c55 _dLucia Elande |
||
| 942 |
_cAM _2AGRIS |
||
| 999 |
_c305222 _d305222 |
||